000 00302nam a2200145Ia 4500
100 _aBhattacharya/S.K
490 _vI
942 _cBK
654 _aMachines
245 _aElectrical machines
260 _bTata Mc Graw hill
_c1998
082 _a621.31042
_bBHA
300 _a545
546 _aENGLISH
999 _c33884
_d33884